000 00580nam a2200217Ia 4500
003 0100
008 130303s9999 xx 000 0 und d
040 _cARRUPELIB
050 _aBL2400.R382
245 _aReligious innovation in modern African society
260 _aThe Netherlands
260 _bAfrika-Studiecentrum
260 _C1976
300 _a148p.
300 _b 23 cm
440 _aAfrican perspectives; 1976/2
650 _bOtiende , Joseph Daniel
650 _cKenya - Politics
700 _aBinsbergen, Win Van ; Buijtenhuijs, Robert
942 _2lcc
_02
999 _c65179
_d65179